000 00440nam a2200181Ia 4500
001 23491
005 20260414150940.0
008 260414t2017||||xx |||||||||||||| ||spa||
041 _aESP
082 _a650.1
_bT816
100 _aTao, Tian
_eAUT
245 0 _aHuawei, leadership, culture and connectivity
_b
260 _c2017
300 _aliii, 360 páginas :
_c25 cm.
650 _aGEN
654 _aCCO
942 _cLIB
_dJUS
_fJUS
_2ddc
_n
999 _c23491
_d23491